| 000 | 00350nam a22001457a 4500 | ||
|---|---|---|---|
| 020 | _a- | ||
| 082 | _a891.4393 ZAK | ||
| 100 | _aZakia, Arshad Hameed | ||
| 245 | _aQisa Apni Shanakhat Ka (Urdu) | ||
| 260 |
_aRawalpindi _bMatboo, at-e-Sulemania _c2006 |
||
| 300 | _a248 p.: | ||
| 500 | _aIncludes index | ||
| 650 | _aUrdu literature | ||
| 942 | _cBK | ||
| 999 |
_c490838 _d490838 |
||